The Oxford companion to politics in India / (Record no. 58268)

MARC details
000 -LEADER
fixed length control field 01152nam a22003137a 4500
005 - DATE AND TIME OF LATEST TRANSACTION
control field 20111109121942.0
008 - FIXED-LENGTH DATA ELEMENTS--GENERAL INFORMATION
fixed length control field 111109t xxu||||| |||| 00| 0 eng d
010 ## - LCCN (DPL NO)
LC control number ENG-104074
020 ## - INTERNATIONAL STANDARD BOOK NUMBER
International Standard Book Number 9780198075929
Terms of availability 495.00
020 ## - INTERNATIONAL STANDARD BOOK NUMBER
International Standard Book Number 0198075928
Terms of availability 495.00
035 ## - SYSTEM CONTROL NUMBER
System control number EN-87607
037 ## - SOURCE OF ACQUISITION
Source of stock number/acquisition DBAD/PUB
040 ## - CATALOGING SOURCE
Original cataloging agency DPL
Language of cataloging Eng
082 ## - DEWEY DECIMAL CLASSIFICATION NUMBER
Classification number 320.954
100 ## - MAIN ENTRY--PERSONAL NAME
9 (RLIN) 35772
245 ## - TITLE STATEMENT
Title The Oxford companion to politics in India /
Statement of responsibility, etc edited by Niraja Gopal Jayal [and] Pratap Bhanu Mehta
260 ## - PUBLICATION, DISTRIBUTION, ETC. (IMPRINT)
Place of publication, distribution, etc New Delhi
Name of publisher, distributor, etc Oxford University Press
Date of publication, distribution, etc 2011
270 ## - ADDRESS
Address YMCA Library Building, 1, Jai Singh Road
City New Delhi
Postal code 110001
300 ## - PHYSICAL DESCRIPTION
Extent xxxii,618p.
Dimensions 25cm (pbk)
500 ## - GENERAL NOTE
General note Includes bibliographical references and index
520 ## - SUMMARY, ETC.
Summary, etc Contributed articles.
600 ## - SUBJECT ADDED ENTRY--PERSONAL NAME
9 (RLIN) 35777
650 ## - SUBJECT ADDED ENTRY--TOPICAL TERM
9 (RLIN) 35779
651 ## - SUBJECT ADDED ENTRY--GEOGRAPHIC NAME
9 (RLIN) 35773
Geographic name India
General subdivision Politics and government.
700 ## - ADDED ENTRY--PERSONAL NAME
Personal name Jayal, Niraja Gopal.
9 (RLIN) 35790
700 ## - ADDED ENTRY--PERSONAL NAME
Personal name Mehta, Pratap Bhanu
Dates associated with a name 1967-
9 (RLIN) 35791
942 ## - ADDED ENTRY ELEMENTS (KOHA)
Source of classification or shelving scheme Dewey Decimal Classification
Item type English Books
Call number suffix OXF
Classification part 320.954
Holdings
Withdrawn status Lost status Source of classification or shelving scheme Damaged status Not for loan Collection code Home library Current library Date acquired Source of acquisition Cost, normal purchase price Total Checkouts Full call number Barcode Date last seen Copy number Cost, replacement price Koha item type
    Dewey Decimal Classification   Not For Loan Non-fiction D.B.Act.Division D.B.Act.Division 09/11/2011 DBAD/PUB 495.00   320.954 OXF EN-87607 09/11/2011 1 495.00 English Books

© Delhi Public Library
Hit Counter
free hit counter